[Event "26th Abu Dhabi Master 2019"]
[Site "Abu Dhabi"]
[Date "2019.08.04"]
[Round "4.65"]
[White "Gajwa Ankit"]
[Black "Priyanka, K."]
[Result "1-0"]
[WhiteElo "2302"]
[BlackElo "2201"]
[Annotator "NA"]
[PlyCount "111"]
[EventDate "2019.08.02"]
[EventType "swiss"]
[EventCountry "UAE"]
[SourceTitle "playchess.com"]
[Source "ChessBase"]
[SourceQuality "1"]
[TimeControl "5400+30"]

1. d4 {[%emt 0:00:00]} Nf6 {[%emt 0:00:15]} 2. c4 {[%emt 0:00:00]} g6 {[%emt 0:00:10]} 3. Nc3 {[%emt 0:00:00]} Bg7 {[%emt 0:00:56]} 4. e4 {[%emt 0:00:03]} d6 {[%emt 0:00:03]} 5. Nf3 {[%emt 0:00:09]} O-O {[%emt 0:01:11]} 6. Be2 {[%emt 0:00:11]} e5 {[%emt 0:00:19]} 7. d5 {[%emt 0:00:04]} a5 {[%emt 0:02:52]} 8. Bg5 {[%emt 0:00:20]} Na6 {[%emt 0:05:39]} 9. Nd2 {[%emt 0:00:27]} Qe8 {[%emt 0:10:20]} 10. g4 {[%emt 0:19:55]} Nd7 {[%emt 0:14:44]} 11. h4 {[%emt 0:07:49]} f6 {[%emt 0:06:38]} 12. Be3 {[%emt 0:00:20]} f5 {[%emt 0:05:25]} 13. gxf5 {[%emt 0:01:27]} gxf5 {[%emt 0:04:22]} 14. exf5 {[%emt 0:00:12]} Rxf5 {[%emt 0:02:00]} 15. Nde4 {[%emt 0:02:14]} Nac5 {[%emt 0:07:09]} 16. Rg1 {[%emt 0:03:34]} Kh8 {[%emt 0:03:00]} 17. Qd2 {[%emt 0:04:41]} Qf8 {[%emt 0:16:24]} 18. O-O-O {[%emt 0:05:24]} Rf4 {[%emt 0:07:54]} 19. Bxf4 {[%emt 0:00:30]} exf4 20. Rxg7 Qxg7 21. Qxf4 {[%emt 0:17:08]} Nxe4 {[%emt 0:01:30]} 22. Nxe4 {[%emt 0:12:29]} Ne5 {[%emt 0:01:21]} 23. Qe3 {[%emt 0:02:46]} Bf5 {[%emt 0:04:38]} 24. Ng3 {[%emt 0:05:25]} Bg4 {[%emt 0:01:03]} 25. Rd4 {[%emt 0:07:40]} Bxe2 {[%emt 0:00:42]} 26. Nxe2 {[%emt 0:00:52]} Rf8 {[%emt 0:01:19]} 27. Re4 {[%emt 0:05:14]} Rxf2 {[%emt 0:02:46]} 28. Qxf2 {[%emt 0:01:53]} Nd3+ {[%emt 0:00:05]} 29. Kd2 {[%emt 0:00:17]} Nxf2 {[%emt 0:00:24]} 30. Re8+ {[%emt 0:00:04]} Qg8 {[%emt 0:00:04]} 31. Rxg8+ {[%emt 0:00:12]} Kxg8 {[%emt 0:00:04]} 32. Nd4 {[%emt 0:00:49]} Ne4+ {[%emt 0:01:31]} 33. Ke3 {[%emt 0:00:10]} Nc5 {[%emt 0:00:41]} 34. Nb5 {[%emt 0:00:40]} Na6 {[%emt 0:00:08]} 35. Kf4 {[%emt 0:00:32]} Kg7 {[%emt 0:01:17]} 36. Kg5 {[%emt 0:01:19]} h6+ {[%emt 0:00:16]} 37. Kf5 {[%emt 0:00:14]} Kf7 {[%emt 0:00:06]} 38. b3 {[%emt 0:00:42]} b6 {[%emt 0:01:06]} 39. h5 {[%emt 0:01:20]} Nb4 {[%emt 0:00:34]} 40. Nxc7 {[%emt 0:02:13]} Nxa2 {[%emt 0:00:13]} 41. Na8 {[%emt 0:00:12]} Nc1 {[%emt 0:00:44]} 42. Nxb6 {[%emt 0:00:05]} Nxb3 {[%emt 0:00:20]} 43. Nc8 {[%emt 0:00:08]} a4 {[%emt 0:00:42]} 44. Nxd6+ {[%emt 0:00:04]} Ke7 {[%emt 0:00:07]} 45. Nb5 {[%emt 0:00:08]} Kf7 {[%emt 0:00:19]} 46. Ke5 {[%emt 0:00:47]} Ke7 {[%emt 0:00:10]} 47. Kf5 {[%emt 0:00:49]} Kf7 {[%emt 0:00:23]} 48. d6 {[%emt 0:00:32]} Nc5 {[%emt 0:01:03]} 49. Ke5 {[%emt 0:00:21]} Nd7+ {[%emt 0:00:52]} 50. Kd5 {[%emt 0:00:33]} Nb6+ {[%emt 0:00:36]} 51. Kc5 {[%emt 0:00:24]} Nd7+ {[%emt 0:00:20]} 52. Kc6 {[%emt 0:00:08]} Nf6 {[%emt 0:00:38]} 53. c5 {[%emt 0:01:38]} Ke8 {[%emt 0:00:31]} 54. Kc7 {[%emt 0:00:23]} Nd5+ {[%emt 0:00:15]} 55. Kc8 {[%emt 0:00:10]} Nf6 {[%emt 0:00:48]} 56. c6 {[%emt 0:00:14]} 1-0

[Event "26th Abu Dhabi Master 2019"]
[Site "Abu Dhabi"]
[Date "2019.08.04"]
[Round "4.66"]
[White "Arjun C Krishnamachari"]
[Black "Gomes, Mary Ann"]
[Result "1/2-1/2"]
[WhiteElo "2212"]
[BlackElo "2303"]
[Annotator "NA"]
[PlyCount "24"]
[EventDate "2019.08.02"]
[EventType "swiss"]
[EventCountry "UAE"]
[SourceTitle "playchess.com"]
[Source "ChessBase"]
[SourceQuality "1"]
[TimeControl "5400+30"]

1. e4 {[%emt 0:16:50]} c5 {[%emt 0:00:01]} 2. c3 {[%emt 0:00:09]} Nf6 {[%emt 0:00:12]} 3. e5 {[%emt 0:00:05]} Nd5 {[%emt 0:00:04]} 4. Nf3 {[%emt 0:00:05]} Nc6 {[%emt 0:00:11]} 5. d4 {[%emt 0:00:37]} cxd4 {[%emt 0:00:13]} 6. cxd4 {[%emt 0:00:27]} d6 {[%emt 0:00:16]} 7. Nc3 {[%emt 0:05:45]} dxe5 {[%emt 0:03:58]} 8. dxe5 {[%emt 0:00:27]} e6 {[%emt 0:00:52]} 9. Bd3 {[%emt 0:13:36]} Ndb4 {[%emt 0:06:58]} 10. Be4 {[%emt 0:00:38]} Qxd1+ {[%emt 0:00:26]} 11. Kxd1 {[%emt 0:01:08]} Bc5 {[%emt 0:05:11]} 12. Ke2 {[%emt 0:00:25]} Bd7 1/2-1/2

[Event "26th Abu Dhabi Master 2019"]
[Site "Abu Dhabi"]
[Date "2019.08.04"]
[Round "4.67"]
[White "Srija, Seshadri"]
[Black "Adnan, Habib"]
[Result "1-0"]
[WhiteElo "2306"]
[BlackElo "2197"]
[Annotator "NA"]
[PlyCount "47"]
[EventDate "2019.08.02"]
[EventType "swiss"]
[EventCountry "UAE"]
[SourceTitle "playchess.com"]
[Source "ChessBase"]
[SourceQuality "1"]
[TimeControl "5400+30"]

1. e4 e6 2. d4 d5 3. Nd2 Nf6 4. e5 Nfd7 5. Bd3 c5 6. c3 Nc6 7. Ne2 cxd4 8. cxd4 f6 9. exf6 Nxf6 10. Nf3 Bd6 11. O-O Qc7 12. h3 O-O 13. Be3 Bd7 14. Re1 a6 15. Rc1 h6 16. Nc3 b5 17. Ne5 Be8 18. f4 g5 19. fxg5 hxg5 20. Bxg5 Qg7 21. Bxf6 Rxf6 22. Ng4 Rf8 23. Rxe6 Bf4 24. Nxd5 1-0

[Event "26th Abu Dhabi Master 2019"]
[Site "Abu Dhabi"]
[Date "2019.08.04"]
[Round "4.68"]
[White "Wagh Suyog"]
[Black "Al Hosani, Omran"]
[Result "0-1"]
[WhiteElo "2242"]
[BlackElo "2135"]
[Annotator "NA"]
[PlyCount "43"]
[EventDate "2019.08.02"]
[EventType "swiss"]
[EventCountry "UAE"]
[SourceTitle "playchess.com"]
[Source "ChessBase"]
[SourceQuality "1"]
[TimeControl "5400+30"]

1. Nf3 Nf6 2. g3 g6 3. Bg2 Bg7 4. d4 {[%emt 0:00:45]} O-O {[%emt 0:00:33]} 5. O-O {[%emt 0:01:46]} d5 {[%emt 0:00:28]} 6. c4 {[%emt 0:00:05]} dxc4 {[%emt 0:00:06]} 7. Na3 {[%emt 0:00:45]} c3 {[%emt 0:00:02]} 8. bxc3 {[%emt 0:00:27]} c5 {[%emt 0:00:04]} 9. e3 {[%emt 0:02:24]} Nc6 {[%emt 0:00:39]} 10. Qe2 {[%emt 0:02:32]} cxd4 {[%emt 0:02:58]} 11. cxd4 {[%emt 0:00:05]} Be6 {[%emt 0:02:35]} 12. Bb2 {[%emt 0:05:19]} Bd5 {[%emt 0:00:22]} 13. Nd2 {[%emt 0:20:12]} Bxg2 {[%emt 0:00:07]} 14. Kxg2 {[%emt 0:00:04]} Rc8 {[%emt 0:02:32]} 15. Nb3 {[%emt 0:27:12]} e5 {[%emt 0:15:59]} 16. dxe5 {[%emt 0:01:56]} Nxe5 {[%emt 0:02:52]} 17. Rad1 {[%emt 0:04:34]} Qe8 {[%emt 0:09:43]} 18. e4 {[%emt 0:03:58]} Qe6 {[%emt 0:01:34]} 19. Rfe1 {[%emt 0:10:21]} Rfe8 20. f4 Nc4 21. Nb5 Nxb2 22. Qxb2 0-1

[Event "26th Abu Dhabi Master 2019"]
[Site "Abu Dhabi"]
[Date "2019.08.04"]
[Round "4.69"]
[White "Bartel, Marta"]
[Black "Haase, Pavel"]
[Result "1-0"]
[WhiteElo "2260"]
[BlackElo "2160"]
[Annotator "NA"]
[PlyCount "125"]
[EventDate "2019.08.02"]
[EventType "swiss"]
[EventCountry "UAE"]
[SourceTitle "playchess.com"]
[Source "ChessBase"]
[SourceQuality "1"]
[TimeControl "5400+30"]

1. d4 {[%emt 0:00:00]} f5 {[%emt 0:00:00]} 2. Bg5 {[%emt 0:00:00]} Nf6 {[%emt 0:00:30]} 3. Bxf6 {[%emt 0:00:10]} exf6 {[%emt 0:00:06]} 4. e3 {[%emt 0:00:05]} d5 {[%emt 0:00:20]} 5. Bd3 {[%emt 0:00:08]} Be6 {[%emt 0:02:07]} 6. Qf3 {[%emt 0:00:08]} g6 {[%emt 0:02:13]} 7. h4 {[%emt 0:00:28]} h5 {[%emt 0:03:13]} 8. Ne2 {[%emt 0:01:14]} c6 {[%emt 0:00:54]} 9. Nd2 {[%emt 0:01:14]} Qa5 {[%emt 0:05:03]} 10. Nf4 {[%emt 0:05:26]} Bf7 {[%emt 0:00:35]} 11. Qe2 {[%emt 0:01:50]} b5 {[%emt 0:10:36]} 12. c3 {[%emt 0:06:31]} Bd6 {[%emt 0:03:09]} 13. g3 {[%emt 0:03:36]} Nd7 {[%emt 0:01:48]} 14. O-O {[%emt 0:04:47]} O-O {[%emt 0:03:00]} 15. Rfc1 {[%emt 0:06:22]} Rab8 {[%emt 0:08:30]} 16. b3 {[%emt 0:01:52]} Bxf4 {[%emt 0:28:39]} 17. gxf4 {[%emt 0:01:13]} Rfe8 {[%emt 0:01:12]} 18. Kh1 {[%emt 0:07:35]} Kh8 {[%emt 0:01:54]} 19. Rc2 {[%emt 0:03:20]} Qa3 {[%emt 0:04:16]} 20. Rg1 {[%emt 0:02:21]} Re7 {[%emt 0:03:30]} 21. Nf1 a6 22. Nd2 {[%emt 0:19:47]} a5 {[%emt 0:07:48]} 23. Kh2 {[%emt 0:05:05]} Qd6 {[%emt 0:01:17]} 24. Nf3 {[%emt 0:00:48]} Nb6 {[%emt 0:01:03]} 25. Nd2 {[%emt 0:03:16]} Nd7 {[%emt 0:00:10]} 26. Qf1 {[%emt 0:00:43]} Nf8 {[%emt 0:02:26]} 27. Rg3 {[%emt 0:06:24]} Ne6 {[%emt 0:00:27]} 28. Rc1 {[%emt 0:00:49]} Rg8 {[%emt 0:02:08]} 29. Qh3 {[%emt 0:02:10]} Nxf4 {[%emt 0:03:08]} 30. exf4 {[%emt 0:00:57]} Qxf4 {[%emt 0:00:03]} 31. Rd1 {[%emt 0:00:15]} Qxf2+ {[%emt 0:00:12]} 32. Qg2 {[%emt 0:00:01]} Qf4 {[%emt 0:00:13]} 33. Nf3 {[%emt 0:10:50]} g5 {[%emt 0:00:59]} 34. Kh1 {[%emt 0:00:21]} g4 {[%emt 0:00:59]} 35. Ng1 {[%emt 0:01:33]} Rge8 {[%emt 0:02:02]} 36. Rf1 {[%emt 0:00:36]} Qh6 {[%emt 0:00:12]} 37. Bxf5 {[%emt 0:00:08]} Re1 {[%emt 0:00:45]} 38. Qf2 {[%emt 0:01:44]} R1e3 {[%emt 0:01:47]} 39. Rxe3 {[%emt 0:02:33]} Rxe3 {[%emt 0:00:13]} 40. Bd7 {[%emt 0:01:36]} Kg7 {[%emt 0:00:45]} 41. Bxc6 {[%emt 0:00:53]} Rxc3 {[%emt 0:00:11]} 42. Bxb5 {[%emt 0:00:23]} g3 {[%emt 0:00:21]} 43. Qf4 {[%emt 0:01:00]} g2+ {[%emt 0:01:28]} 44. Kxg2 {[%emt 0:00:07]} Qg6+ {[%emt 0:00:06]} 45. Kh1 {[%emt 0:00:19]} Rg3 {[%emt 0:00:48]} 46. Be2 {[%emt 0:00:21]} Be6 {[%emt 0:00:09]} 47. Bxh5 {[%emt 0:00:35]} Qe4+ {[%emt 0:01:12]} 48. Qxe4 {[%emt 0:00:09]} dxe4 {[%emt 0:00:05]} 49. Kh2 {[%emt 0:00:29]} Rc3 {[%emt 0:00:20]} 50. Re1 {[%emt 0:01:07]} f5 {[%emt 0:00:15]} 51. Nh3 {[%emt 0:00:12]} Bf7 {[%emt 0:01:29]} 52. Bxf7 {[%emt 0:01:01]} Rc2+ {[%emt 0:00:08]} 53. Kg3 {[%emt 0:00:12]} Kxf7 {[%emt 0:00:02]} 54. Nf4 {[%emt 0:00:40]} Rxa2 {[%emt 0:00:05]} 55. h5 {[%emt 0:00:48]} Ra3 {[%emt 0:00:14]} 56. h6 {[%emt 0:00:54]} Rxb3+ {[%emt 0:00:05]} 57. Kh4 {[%emt 0:00:07]} Kf6 {[%emt 0:00:51]} 58. Rc1 {[%emt 0:00:22]} e3 {[%emt 0:01:32]} 59. Rc6+ {[%emt 0:00:07]} Kf7 {[%emt 0:00:10]} 60. Kg5 {[%emt 0:00:34]} Rb5 {[%emt 0:00:39]} 61. Rc7+ {[%emt 0:00:17]} Kg8 {[%emt 0:00:22]} 62. h7+ {[%emt 0:00:05]} Kh8 {[%emt 0:00:04]} 63. Ng6# 1-0

[Event "26th Abu Dhabi Master 2019"]
[Site "Abu Dhabi"]
[Date "2019.08.04"]
[Round "4.70"]
[White "Aakanksha Hagawane"]
[Black "Wang, Shanshan"]
[Result "1/2-1/2"]
[WhiteElo "2246"]
[BlackElo "2122"]
[Annotator "NA"]
[PlyCount "89"]
[EventDate "2019.08.02"]
[EventType "swiss"]
[EventCountry "UAE"]
[SourceTitle "playchess.com"]
[Source "ChessBase"]
[SourceQuality "1"]
[TimeControl "5400+30"]

1. e4 {[%emt 0:00:00]} c5 {[%emt 0:04:45]} 2. Nf3 {[%emt 0:00:00]} d6 {[%emt 0:00:05]} 3. Bb5+ {[%emt 0:00:07]} Bd7 {[%emt 0:00:16]} 4. Bxd7+ {[%emt 0:00:04]} Qxd7 {[%emt 0:00:13]} 5. c4 {[%emt 0:00:08]} Nc6 {[%emt 0:00:10]} 6. d4 {[%emt 0:00:07]} cxd4 {[%emt 0:00:11]} 7. Nxd4 {[%emt 0:00:03]} g6 {[%emt 0:00:36]} 8. b3 {[%emt 0:00:20]} Bg7 {[%emt 0:00:38]} 9. Bb2 {[%emt 0:00:12]} Nf6 {[%emt 0:00:36]} 10. Nc3 {[%emt 0:00:35]} Qg4 {[%emt 0:05:36]} 11. Qxg4 {[%emt 0:04:06]} Nxg4 {[%emt 0:00:06]} 12. Nde2 {[%emt 0:02:30]} Nb4 {[%emt 0:07:53]} 13. O-O {[%emt 0:00:50]} h5 {[%emt 0:03:46]} 14. Rfd1 {[%emt 0:05:23]} Rc8 {[%emt 0:09:02]} 15. Rab1 {[%emt 0:09:50]} Nc6 {[%emt 0:15:19]} 16. h3 {[%emt 0:01:53]} Nh6 {[%emt 0:01:49]} 17. Ba3 {[%emt 0:01:18]} b6 {[%emt 0:06:16]} 18. Nd5 {[%emt 0:02:59]} Na5 {[%emt 0:04:52]} 19. Nd4 {[%emt 0:03:31]} Bxd4 {[%emt 0:02:25]} 20. Rxd4 {[%emt 0:00:01]} g5 {[%emt 0:03:40]} 21. Rbd1 {[%emt 0:07:41]} f6 {[%emt 0:04:20]} 22. g3 {[%emt 0:01:19]} Nc6 {[%emt 0:05:49]} 23. R4d2 {[%emt 0:05:57]} Ne5 {[%emt 0:00:08]} 24. Nxe7 {[%emt 0:19:46]} Kxe7 {[%emt 0:00:30]} 25. Rxd6 Kf7 26. f4 {[%emt 0:01:00]} gxf4 {[%emt 0:03:56]} 27. gxf4 {[%emt 0:00:02]} Nc6 {[%emt 0:03:18]} 28. R1d5 {[%emt 0:02:07]} Ng8 {[%emt 0:02:44]} 29. Rd7+ {[%emt 0:01:53]} Nge7 {[%emt 0:01:18]} 30. Bxe7 {[%emt 0:04:46]} Nxe7 {[%emt 0:00:02]} 31. Rxa7 {[%emt 0:00:01]} Ra8 {[%emt 0:00:21]} 32. Rdd7 {[%emt 0:20:51]} Rxa7 {[%emt 0:00:06]} 33. Rxa7 {[%emt 0:00:02]} Rd8 {[%emt 0:00:24]} 34. Kf2 {[%emt 0:00:02]} Rd3 {[%emt 0:00:25]} 35. Kg2 {[%emt 0:02:15]} Re3 {[%emt 0:00:17]} 36. e5 {[%emt 0:01:46]} fxe5 {[%emt 0:00:08]} 37. fxe5 {[%emt 0:00:01]} Rxe5 {[%emt 0:00:06]} 38. Rb7 {[%emt 0:00:10]} Re6 {[%emt 0:01:59]} 39. a4 {[%emt 0:00:12]} Kf6 {[%emt 0:00:37]} 40. b4 {[%emt 0:00:56]} Kf5 {[%emt 0:03:16]} 41. a5 {[%emt 0:02:24]} bxa5 {[%emt 0:00:07]} 42. Rb5+ {[%emt 0:00:01]} Kf4 {[%emt 0:04:04]} 43. Rxa5 {[%emt 0:00:03]} Re2+ {[%emt 0:00:41]} 44. Kf1 {[%emt 0:00:23]} Rb2 {[%emt 0:00:11]} 45. Rxh5 {Ke5} 1/2-1/2

[Event "26th Abu Dhabi Master 2019"]
[Site "Abu Dhabi"]
[Date "2019.08.04"]
[Round "4.71"]
[White "Pujari, Rucha"]
[Black "Davainis, Marius"]
[Result "1-0"]
[WhiteElo "2268"]
[BlackElo "2105"]
[Annotator "NA"]
[PlyCount "43"]
[EventDate "2019.08.02"]
[EventType "swiss"]
[EventCountry "UAE"]
[SourceTitle "playchess.com"]
[Source "ChessBase"]
[SourceQuality "1"]
[TimeControl "5400+30"]

1. d4 {[%emt 0:04:15]} Nf6 {[%emt 0:00:00]} 2. c4 {[%emt 0:00:22]} c5 {[%emt 0:00:00]} 3. d5 {[%emt 0:00:11]} e6 {[%emt 0:00:00]} 4. Nc3 {[%emt 0:00:37]} exd5 {[%emt 0:00:00]} 5. cxd5 {[%emt 0:00:03]} Bd6 {[%emt 0:00:28]} 6. g3 {[%emt 0:02:49]} O-O {[%emt 0:00:12]} 7. Bg2 {[%emt 0:00:03]} Re8 {[%emt 0:01:08]} 8. Nf3 {[%emt 0:00:44]} Bc7 {[%emt 0:01:27]} 9. d6 {[%emt 0:02:56]} Ba5 {[%emt 0:00:02]} 10. O-O {[%emt 0:00:13]} Bxc3 {[%emt 0:03:52]} 11. bxc3 {[%emt 0:00:06]} Qb6 {[%emt 0:00:30]} 12. Nh4 {[%emt 0:03:07]} g6 {[%emt 0:12:59]} 13. Bf4 {[%emt 0:16:56]} Qb2 {[%emt 0:20:51]} 14. Be3 {[%emt 0:04:59]} Qxc3 {[%emt 0:17:38]} 15. Rc1 {[%emt 0:00:37]} Qe5 {[%emt 0:00:19]} 16. Rxc5 {[%emt 0:08:52]} Qe6 {[%emt 0:00:15]} 17. Nf3 {[%emt 0:16:01]} Nc6 {[%emt 0:03:41]} 18. Ng5 {[%emt 0:02:14]} Qg4 19. Qa1 Nh5 {[%emt 0:28:09]} 20. Bf3 {[%emt 0:10:25]} Qb4 {[%emt 0:00:02]} 21. a3 {[%emt 0:03:21]} Qb3 {[%emt 0:00:46]} 22. Bd5 {[%emt 0:01:16]} 1-0

[Event "26th Abu Dhabi Master 2019"]
[Site "Abu Dhabi"]
[Date "2019.08.04"]
[Round "4.72"]
[White "Srihari L"]
[Black "Priyanka Nutakki"]
[Result "0-1"]
[WhiteElo "2101"]
[BlackElo "2293"]
[Annotator "NA"]
[PlyCount "86"]
[EventDate "2019.08.02"]
[EventType "swiss"]
[EventCountry "UAE"]
[SourceTitle "playchess.com"]
[Source "ChessBase"]
[SourceQuality "1"]
[TimeControl "5400+30"]

1. e4 {[%emt 0:00:00]} e6 {[%emt 0:00:00]} 2. d4 {[%emt 0:00:00]} d5 {[%emt 0:00:00]} 3. Nc3 {[%emt 0:00:00]} Nf6 {[%emt 0:00:00]} 4. e5 {[%emt 0:00:00]} Nfd7 {[%emt 0:00:00]} 5. Nce2 {[%emt 0:00:00]} c5 {[%emt 0:00:02]} 6. c3 {[%emt 0:00:00]} Nc6 {[%emt 0:00:06]} 7. f4 {[%emt 0:01:06]} Qb6 {[%emt 0:07:14]} 8. Nf3 {[%emt 0:00:10]} Be7 {[%emt 0:00:06]} 9. a3 {[%emt 0:06:11]} O-O {[%emt 0:16:54]} 10. b4 {[%emt 0:08:55]} cxd4 {[%emt 0:00:12]} 11. cxd4 {[%emt 0:05:13]} f6 {[%emt 0:03:55]} 12. Qd3 {[%emt 0:06:17]} Qc7 {[%emt 0:05:12]} 13. Nc3 {[%emt 0:04:10]} Nb6 {[%emt 0:02:43]} 14. Be2 {[%emt 0:04:01]} Bd7 {[%emt 0:02:02]} 15. O-O {[%emt 0:00:57]} Rac8 {[%emt 0:00:46]} 16. Bd2 {[%emt 0:03:09]} Nc4 {[%emt 0:03:44]} 17. Be1 {[%emt 0:04:54]} fxe5 {[%emt 0:02:54]} 18. Nxe5 {[%emt 0:00:32]} N6xe5 {[%emt 0:01:24]} 19. dxe5 {[%emt 0:00:47]} Be8 {[%emt 0:13:34]} 20. Bg4 {[%emt 0:01:02]} Kh8 {[%emt 0:00:17]} 21. Ne2 {[%emt 0:14:05]} Bf7 22. Bf2 Bg8 {[%emt 0:25:31]} 23. Bd4 {[%emt 0:21:14]} a5 {[%emt 0:01:03]} 24. b5 {[%emt 0:03:43]} Bc5 {[%emt 0:01:25]} 25. Kh1 {[%emt 0:00:21]} a4 {[%emt 0:02:55]} 26. Rac1 {[%emt 0:04:34]} Qe7 {[%emt 0:01:08]} 27. Bxc5 {[%emt 0:01:13]} Qxc5 {[%emt 0:01:42]} 28. Nd4 {[%emt 0:00:29]} Qe7 {[%emt 0:01:27]} 29. Ra1 {[%emt 0:04:01]} Rc5 {[%emt 0:00:44]} 30. Rfc1 {[%emt 0:03:36]} Rxf4 {[%emt 0:00:22]} 31. Bh3 {[%emt 0:00:42]} Nxe5 {[%emt 0:00:27]} 32. Qd2 {[%emt 0:01:14]} Rxc1+ {[%emt 0:00:18]} 33. Rxc1 {[%emt 0:00:05]} Qf6 {[%emt 0:00:02]} 34. g3 {[%emt 0:02:21]} Rf2 {[%emt 0:01:01]} 35. Qc3 {[%emt 0:01:45]} Qh6 {[%emt 0:00:58]} 36. Bg2 {[%emt 0:00:38]} Ng4 {[%emt 0:00:06]} 37. h4 {[%emt 0:00:23]} Qf6 {[%emt 0:02:47]} 38. Nf3 {[%emt 0:00:29]} e5 {[%emt 0:00:45]} 39. Qc8 {[%emt 0:00:33]} Ne3 {[%emt 0:00:50]} 40. Qe8 {[%emt 0:00:34]} Rxf3 {[%emt 0:01:28]} 41. Rc8 {[%emt 0:00:02]} Rf1+ {[%emt 0:00:34]} 42. Kh2 {[%emt 0:00:40]} Qf7 {[%emt 0:00:28]} 43. Qxe5 {[%emt 0:00:35]} Ng4+ {[%emt 0:00:03]} 0-1

[Event "26th Abu Dhabi Master 2019"]
[Site "Abu Dhabi"]
[Date "2019.08.04"]
[Round "4.73"]
[White "Krzywda, Andrzej"]
[Black "Ayyad, Husain"]
[Result "0-1"]
[WhiteElo "2190"]
[BlackElo "2231"]
[Annotator "NA"]
[PlyCount "94"]
[EventDate "2019.08.02"]
[EventType "swiss"]
[EventCountry "UAE"]
[SourceTitle "playchess.com"]
[Source "ChessBase"]
[SourceQuality "1"]
[TimeControl "5400+30"]

1. e4 e5 2. Nf3 Nc6 3. d4 exd4 4. Bc4 Bc5 5. c3 Nf6 6. e5 d5 7. Bb5 Ne4 8. cxd4 Bb6 9. Nc3 O-O 10. Bxc6 bxc6 11. O-O f6 12. Be3 Bg4 13. Ne2 Bxf3 14. gxf3 Ng5 15. Bxg5 fxg5 16. Rc1 Qe8 17. Qd3 Qh5 18. Kg2 Rf7 19. Rxc6 Raf8 20. Rc3 Rxf3 21. Qxf3 Rxf3 22. Rxf3 Qg4+ 23. Ng3 Bxd4 24. Re1 Qe6 25. h3 h6 26. b4 Kh7 27. Re2 Kg6 28. a4 h5 29. Rd3 h4 30. Nf1 Ba1 31. Nh2 Kf7 32. Ng4 d4 33. Kh2 Ke8 34. b5 Qc4 35. Red2 Bc3 36. Rd1 Qxa4 37. Rb1 Qc2 38. Rdd1 Qe4 39. Rbc1 Qf3 40. Rb1 Bd2 41. Kg1 Qxh3 42. Rxd2 Qxg4+ 43. Kf1 h3 44. f3 Qxf3+ 45. Kg1 Qe3+ 46. Rf2 h2+ 47. Kg2 Qe4+ 0-1

[Event "26th Abu Dhabi Master 2019"]
[Site "Abu Dhabi"]
[Date "2019.08.04"]
[Round "4.74"]
[White "Mohamed, Faisal"]
[Black "Srihari L R"]
[Result "0-1"]
[WhiteElo "2150"]
[BlackElo "2227"]
[Annotator "NA"]
[PlyCount "28"]
[EventDate "2019.08.02"]
[EventType "swiss"]
[EventCountry "UAE"]
[SourceTitle "playchess.com"]
[Source "ChessBase"]
[SourceQuality "1"]
[TimeControl "5400+30"]

1. Nf3 {[%emt 0:02:09]} d6 {[%emt 0:00:13]} 2. d4 {[%emt 0:00:20]} g6 {[%emt 0:03:16]} 3. c4 {[%emt 0:00:34]} Bg7 {[%emt 0:00:15]} 4. g3 {[%emt 0:00:43]} c5 {[%emt 0:00:20]} 5. Bg2 {[%emt 0:02:46]} Nc6 {[%emt 0:00:48]} 6. dxc5 {[%emt 0:01:06]} Qa5+ {[%emt 0:00:27]} 7. Nbd2 {[%emt 0:01:22]} Qxc5 {[%emt 0:01:10]} 8. O-O {[%emt 0:01:28]} Nf6 {[%emt 0:01:19]} 9. a3 {[%emt 0:11:03]} Qh5 {[%emt 0:07:51]} 10. Nb3 {[%emt 0:09:31]} Bh3 {[%emt 0:05:28]} 11. Re1 {[%emt 0:10:56]} O-O {[%emt 0:02:06]} 12. Nbd4 {[%emt 0:22:23]} Ne5 {[%emt 0:14:17]} 13. Qb3 {[%emt 0:00:42]} Neg4 {[%emt 0:02:16]} 14. e4 {[%emt 0:03:33]} Nxf2 {[%emt 0:13:03]} 0-1

[Event "26th Abu Dhabi Master 2019"]
[Site "Abu Dhabi"]
[Date "2019.08.04"]
[Round "4.75"]
[White "Thrish Karthik"]
[Black "Soham Datar"]
[Result "1/2-1/2"]
[WhiteElo "2075"]
[BlackElo "2129"]
[Annotator "NA"]
[PlyCount "40"]
[EventDate "2019.08.02"]
[EventType "swiss"]
[EventCountry "UAE"]
[SourceTitle "playchess.com"]
[Source "ChessBase"]
[SourceQuality "1"]
[TimeControl "5400+30"]

1. d4 Nf6 2. Nf3 g6 3. c4 c5 4. Nc3 cxd4 5. Nxd4 Bg7 6. e4 d6 7. Be2 Nc6 8. Be3 Bd7 9. O-O O-O 10. Nc2 Rc8 11. f3 Be6 12. Na3 Nd7 13. Qd2 Qa5 14. Rac1 a6 15. Rfd1 Rfe8 16. Bf1 Qb4 17. Rc2 f5 18. exf5 Bxf5 19. Bd3 Bxd3 20. Qxd3 Nce5 1/2-1/2